000 00470nam a2200181Ia 4500
001 19741
005 20260306172715.0
008 260306t2011||||xx |||||||||||||| ||spa||
041 _aESP
082 _a341
_bP46
100 _aPérez Luño, Antonio Enrique
_eAUT
245 0 _aTeoría del derecho:
_buna concepción de la experiencia jurídica
260 _c2011
300 _a253 páginas :
_c24 cm.
650 _aGEN
654 _aCDE
942 _cLIB
_dJUS
_fJUS
_2ddc
_n
999 _c19741
_d19741